Leben und Denken Interpretationen zur Philosophie Nietzsches

Guardat en:
Dades bibliogràfiques
Autor principal: Volkmann-Schluck, Karl-Heinz (Autor)
Format: Llibre
Idioma:alemany
Publicat: Frankfurt am Main Vittorio Klostermann 1968
Etiquetes: Afegir etiqueta
Sense etiquetes, Sigues el primer a etiquetar aquest registre!

MARC

LEADER 00000nam a2200000 a 4500
001 UCX0081
003 CL-VaPUC
008 890807e19680000GW |||||||||||||||||ger|d
082 0 4 |a 146.4  |b VOL  |2 21 
100 0 |a Volkmann-Schluck, Karl-Heinz  |e author  |9 315516 
245 1 0 |a Leben und Denken Interpretationen zur Philosophie Nietzsches 
300 |a 151 p 
942 |c BK 
945 |d 19890807 00:00:00 
260 |a Frankfurt am Main  |b Vittorio Klostermann  |c 1968 
583 |a last modification  |c 19890807 00:00:00  |k Rodrigo Vera 
999 |c 221836  |d 221834 
952 |0 0  |1 0  |4 0  |6 146_400000000000000_VOL_1968  |7 0  |8 P  |9 215777  |a BIBEDU  |b BIBEDU  |c BIBEDU_PB  |d 2019-11-15  |i 2842289  |o 146.4 VOL 1968  |p 2842289  |r 2024-01-25  |w 2019-11-15  |y BK  |k FIL